000 01193nam a2200205Ia 4500
008 0000002002 us a 0000000000eng00
090 _aPUS00 C33
245 1 0 _aChicano visions
_b: american painters on the Verge
_c/ Cheech Marin ; essays by Max Benavidez, Constance Cortez, Tere Romo
300 _a159 p.
_c/ 26 cm.
500 _aCon el patronazgo del maestro venezolano Jesús Rafael Soto (q.e.p.d.)
505 _aCarlos Almaraz Charles Chaz Bojorquez David Botello Mel Casas Gaspar Enríquez Diane Gamboa Margaret García Rupert García Carmen Lomas Garza . Glugio Gronk Nicandro Raeul Guerrero Wayne Alaniz Healy Adan Hernández Ester Hernández Leo Limón Gilbert Magu Lujan César Martínez Frank Romero Frank Romero AleX Rubio Marta Sánchez Eloy Torrez Jesse Treviño John Valadez Patssi Valdez Vincent Valdez George Yepes
650 1 4 _a PINTURA MODERNA
650 1 4 _aARTE CONTEMPORANEO
650 1 4 _xCATALOGOS
650 1 4 _aPINTORES MEXICANOAMERICANOS
650 1 4 _aPINTURA ACRILICA (ARTE)
650 1 4 _aPINTURA AL OLEO
700 1 _aMarin, Cheech \ Cortez, Constance \ Romo, Tere \ Benavides, Max
999 _c108
_d108
260 _aBoston : Brow
_c2002